Score 0/22 Timer 05:00
4 Plays Today
% Correct
Hippopotomonstrosesquipedaliophobia
95.5%
Wedding
95.3%
Adultery
95%
Fail
94.7%
Eyebrows
94.5%
Branches
94.3%
Morons
94%
Bald
93.9%
Congress
93.9%
Audience
93.2%
Tarzan
92.8%
% Correct
Greenland
92.8%
Teflon
91.7%
Ladybug
91%
Vegetarian
90.4%
Evaporated
90.4%
Woodpeckers
86.9%
Claustrophobic
86.6%
Kleptomaniacs
85.6%
Interstates
85.2%
Radioactive
81.9%
Anagram
75.1%
Remove Ads.
Support Sporcle.
Get the best of Sporcle when you Go Orange. This ad-free experience offers more features, more stats, and more fun while also helping to support Sporcle. Thank you for becoming a member.

You're not logged in!

Compare scores with friends on all Sporcle quizzes.
OR
Log In

Show Comments

Extras

Top Quizzes Today


Score Distribution

Your Account Isn't Verified!

In order to create a playlist on Sporcle, you need to verify the email address you used during registration. Go to your Sporcle Settings to finish the process.

Report this User

Report this user for behavior that violates our Community Guidelines.

Details: